| 000 | 00660nam a2200229Ia 4500 | ||
|---|---|---|---|
| 001 | 21319 | ||
| 003 | DO-CoUTE | ||
| 005 | 20260204212552.0 | ||
| 008 | 220104s9999 dr 000 0 spa d | ||
| 020 | _a958-41-0071-8 | ||
| 040 |
_aDO-CoUTE _bspa _cDO-CoUTE |
||
| 041 | 0 | _aspa | |
| 082 | _a658.5 C386a (CRF) | ||
| 100 | 1 | _aAquino Jacobs, Chase | |
| 245 | 1 | 0 | _aAdministración de producción y operaciones: Manufactura y Servicios / Chase Aquino Jacobs |
| 250 | _aOctava Edición | ||
| 260 | _aBogotá, Colombia: Mc Graw Hill | ||
| 300 | _a895 páginas | ||
| 942 |
_2ddc _cBK |
||
| 999 |
_c20636 _d20636 |
||